000 00398nam a22001697a 4500
005 20260413160755.0
008 160627b xxu||||| |||| 00| 0 eng d
020 _a0-7472-6040-0
041 _aeng
082 _a813.54
100 _aClancy's Tom
_92905
245 _aom Clancy's Net Force
260 _bHeadlive Feature
_c1994
300 _a505
650 _aAmerican fiction
_98938
942 _cBK
999 _c4203
_d4202